000 00848nam a22002177a 4500
999 _c3891
_d3891
003 AR-CdUCM
008 190307b ||||| |||| 00| 0 spa d
040 _aMUNICIPALIDAD PROVINCIAL DEL CUSCO
_cBIBLIOTECA MUNICIPAL DEL CUSCO
082 _a341.1 /
_bA58
100 _aAngeles Caballero, Cesar
_912496
245 _aLa investigación jurídica :
_btesis universitaria en derecho /
260 _aLima :
_bSan Marcos,
_c1993.
300 _a304 páginas ;
_c20 cm.
505 _aLos seminarios en las ciencias jurídicas -- Metodología de la investigación jurídico social -- Como hacer una tesis en derecho -- Desarrollo de una investigación jurídica...
650 _aInvestigación.
_91940
650 _aDerecho.
_9739
650 _aTesis.
_91981
650 _aMetodología jurídica.
_912497
942 _2ddc
_cLIBROS
945 _awfj
_d219-03-07